LEADER 01129nam a2200253 i 4500 001 000000161417 003 CaOOAMICUS 005 20070516000000.0 008 070516s1965 it u000 u lat u 013 $a138780 040 $aSeMil$bita 100 1 $aSeneca, Lucius Anneus,$d<4 a.C.-65 d.C.>.$0(OLS)http://semarc/name/764 245 10$aLibri 14.-20. 260 $aOxonii :$bE Typographeo Clarendoniano,$c1965. 300 $aP. 325-554. 490 0 $aScriptorum classicorum bibliotheca Oxoniensis 700 1 $aReynolds, L. D.$0(OLS)http://semarc/name/861 773 0 $aSeneca, Lucius Anneus <4 a.C.-65 d.C.>$tL. Annaei Senecae ad Lucilium epistulae morales.$dOxonii : E Typographeo Clarendoniano, [1965]-[196?]$gTomus2$w()985 830 0$aScriptorum classicorum bibliotheca Oxoniensis.$0(OLS)http://semarc/title/23159 850 $aSeMil 852 $aSeMil$W1$xVenegono$y1$m1X III 193$j112832$B112832$CSeMilBibl$Z2$F123319 $81 961 $aOmaggio: Bellini don Enzo 996 $6245$aLibri 14.-20$9(OLS)http://semarc/title/144505 996 $6260$aOxonii :$bE Typographeo Clarendoniano$9(OLS)http://semarc/publisher/30099 LEADER 00971nam a2200217 i 4500 001 000000215418 003 CaOOAMICUS 005 20120823000000.0 008 120823s1883 fr u000 u fre u 013 $a194290 040 $aSeMil$bita 100 1 $aHenry, Victor <1850-1907>.$0(OLS)http://semarc/name/12352 245 10$aÉtude sur l'analogie en général et sur les formations analogiques de la langue grecque /$cpar Victor Henry. 260 $aParis :$bMaisonneuve et Cie,$c1883. 300 $aVI, 444 p. ;$c24 cm. 500 $aCon dedica autografa dell'autore. 650 4$aLingua greca - Analogia.$0(OLS)http://semarc/subject/40136 850 $aSeMil 852 $aSeMil$W1$xVenegono$y1$m1Z IV 3 FA$j165838$B165838$CSeMilBibl$Z2$F176800 $8I 996 $6245$aÉtude sur l'analogie en général et sur les formations analogiques de la langue grecque$9(OLS)http://semarc/title/310118 996 $6260$aParis :$bMaisonneuve et Cie$9(OLS)http://semarc/publisher/52920